000 00731nam a22002177a 4500
003 UA-OsUOA
001 81026
007 ta
008 20120117b un ||||| |||| 00| 0 ukr d
090 _a22.04(082)
_bС15
942 _cBK
040 _aUA-OsUOA
_bukr
_cUA-OsUOA
_dUA-OsUOA
245 _aСакральні тексти: коментарі, переклади, інтерпретації
_bматеріали Першого Всеукраїнського круглого столу
_cред. Пасічник І.Д.
300 _a56 с.
955 _a1
041 _aukr
080 _a22.04(082)
260 _aОстрог
_bНаУОА
_c2010
650 7 _a22 Біблія. Святе писання
_2UDC
999 _c367325
_d367325